000 00434nam a2200181Ia 4500
001 7374
005 20260306160450.0
008 260306t2019||||xx |||||||||||||| ||spa||
041 _aESP
082 _a338.7622
_bC38
100 _aCavanagh, Jonathan
_eAUT
245 0 _aPerú:
_bThe top 10.000 companies 2019
260 _c2019
300 _a1200 páginas :
_c30 cm.
650 _aGEN
654 _aCAN
942 _cLIB
_dJUS
_fJUS
_2ddc
_n
999 _c7374
_d7374